000 00486nam a2200181 a 4500
001 1656
003 CO-ViMGA
008 141112s2004 ck r 000 u spa d
040 _aCO-ViMGA
_bspa
_cCO-ViMGA
082 0 4 _a863.5 A517d
100 1 _aAlas, Leopoldo "Clarin"
_950134
245 1 0 _aDoña Berta y otro relato
260 _aSantafé de Bogotá :
_bSantillana,
_c1995
300 _a78 p
490 _aRelato corto aguilar, 18
650 1 4 _aNOVELA ESPAÑOLA
_9488
942 _2ddc
_cBK
999 _c13833
_d13833